000 00663nam a2200193 a 4500
005 20260324064016.0
008 100907s2009 ch r 000 0 spa d
020 _a9789568589134 (obra completa)
035 _aUPN01000177733
049 _aCG
050 4 _aLA542
_bR3.7
245 0 0 _aReformas pendientes en la educación secundaria /
_ced. Santiago Cueto.
260 _a[Santiago, Chile] :
_bFondo de Investigaciones Educativas :
_bPREAL,
_c2009.
300 _a482 p. :
_bcuadros, gráfs.
650 4 _aEducación secundaria
_zAmérica Latina
_915154
650 4 _aReforma educativa
_zAmérica Latina
_9506
700 1 _aCueto, Santiago,
_eed.
905 _aLibro
999 _c149836
_d149836